LEADER 00975nam0-22003371i-450- 001 990000043760403321 005 20090224103500.0 035 $a000004376 035 $aFED01000004376 035 $a(Aleph)000004376FED01 035 $a000004376 100 $a20020821d1907----km-y0itay50------ba 101 0 $afre 102 $aFR 105 $aa-------001yy 200 1 $aConstruction et entretien des routes et chemins$fA. Debauve 205 $a2. ed. complet. remaniee et augm. 210 $aParis$cH. Dunod et E. Pinat$d1907 215 $a480 p.$cill.$d24 cm 610 0 $aCostruzioni stradali 610 0 $aStrade$aManutenzione 676 $a625.7 700 1$aDebauve,$bAlphonse Alexis$02254 801 0$aIT$bUNINA$gRICA$2UNIMARC 901 $aBK 912 $a990000043760403321 952 $a13 E 44 06$b362$fFINBC 952 $a13 M 11 09$b3772$fFINBC 959 $aFINBC 996 $aConstruction et entretien des routes et chemins$9112667 997 $aUNINA LEADER 00917nam0-22002891i-450- 001 990001092920403321 010 $a9024736994 035 $a000109292 035 $aFED01000109292 035 $a(Aleph)000109292FED01 035 $a000109292 100 $a20000920d1989----km-y0itay50------ba 101 0 $aeng 200 1 $aMethodological Aspects of the Development of Low Temperature Physics 1881-1956$eConcepts out of Context(s)$fKostas Gavroglu and Yorgos Goudaroulis 210 $aDordrecht (NL)$cKluwer$d1989 610 0 $aStoria della fisica 676 $a509 700 1$aGavroglu,$bKostas$047997 702 1$aGoudaroulis,$bYorgos 801 0$aIT$bUNINA$gRICA$2UNIMARC 901 $aBK 912 $a990001092920403321 952 $a6D-256$b16562$fFI1 959 $aFI1 996 $aMethodological Aspects of the Development of Low Temperature Physics 1881-1956$9335224 997 $aUNINA DB $aING01